Drevené a kovové konštrukcie pre 4.ročník SPŠ stavebných

Uložené v:
Podrobná bibliografia
Hlavný autor: Jukl, Bratislav (Autor)
Médium: Kniha
Jazyk:Slovak
Vydavateľské údaje: Bratislava : Alfa, 1989
Vydanie:2. vyd.
Predmet:
Tagy: Pridať tag
Žiadne tagy, Buďte prvý, kto otaguje tento záznam!

MARC

LEADER 00000nam a22000003a 4500
001 stu11257
005 20150617225700.8
008 950315s1989----cs------------------slo-d
040 |a STU  |b slo 
041 0 |a slo 
044 |a cs 
100 1 |a Jukl, Bratislav  |4 aut 
245 1 |a Drevené a kovové konštrukcie pre 4.ročník SPŠ stavebných 
250 |a 2. vyd. 
260 |a Bratislava :  |b Alfa,  |c 1989 
300 |a 217 s 
650 7 |a konštrukcie drevené  |2 stusub 
650 7 |a vedy prírodné  |2 stusub 
996 |b 284AU00742  |c A*1989 U  |l AAKNAR  |s A  |a 24  |w stu11257_0001 
996 |b 284AU02651  |c A*1990 U  |l AAKNST  |s P  |a 0  |w stu11257_0002